MARC

LEADER 00000nam0a2200000 4500
001 35205
005 20231030232904.0
010 |a 5247016610 
035 |a (RuTPU)RU\TPU\book\35628 
035 |a BOOK00002280 
090 |a 35205 
100 |a 20011210d1991 k y0rusy50 ca 
101 0 |a rus 
102 |a RU 
105 |a a g 000zy 
200 1 |a Справочник геолога-угольщика  |f К. В. Миронов 
205 |a 2-е изд., перераб. и доп. 
210 |a Москва  |c Недра  |d 1991 
215 |a 358 с.  |c ил. 
610 1 |a геология 
610 1 |a угольные месторождения 
610 1 |a уголь 
610 1 |a типы 
610 1 |a состав 
610 1 |a физические свойства 
610 1 |a технологические свойства 
610 1 |a переработка 
610 1 |a классификация 
610 1 |a справочники 
675 |a 553.94(035)  |v 3 
675 |a 622.333(035)  |v 3 
700 1 |a Миронов  |b К. В.  |g Константин Васильевич 
801 0 |a RU  |b 63413507  |c 20011210  |g PSBO 
801 2 |a RU  |b 63413507  |c 20151126  |g PSBO 
900 |a Разведка и геолого-экономическая оценка угольных месторождений 
942 |c BK